Junie B, first grader : (Record no. 5913)

MARC details
000 -LEADER
fixed length control field 00982nam a22003017a 4500
001 - CONTROL NUMBER
control field 5913
003 - CONTROL NUMBER IDENTIFIER
control field FISKH
005 - DATE AND TIME OF LATEST TRANSACTION
control field 20250206083819.0
008 - FIXED-LENGTH DATA ELEMENTS--GENERAL INFORMATION
fixed length control field 250206b cb ||||| |||| 00| 0 eng d
020 ## - INTERNATIONAL STANDARD BOOK NUMBER
International Standard Book Number 9780545037907
040 ## - CATALOGING SOURCE
Original cataloging agency FISKH
Language of cataloging eng
Transcribing agency FISKH
Modifying agency FISKH
050 ## - LIBRARY OF CONGRESS CALL NUMBER
Classification number PZ7.P2197 J
082 ## - DEWEY DECIMAL CLASSIFICATION NUMBER
Classification number 813.6
100 ## - MAIN ENTRY--PERSONAL NAME
Personal name Park, Barbara
Dates associated with a name (1947–2013)
245 ## - TITLE STATEMENT
Title Junie B, first grader :
Remainder of title Aloha-ha-ha! /
Statement of responsibility, etc. illustrated by Denise Brunkus
250 ## - EDITION STATEMENT
Edition statement First printing in 2007
260 ## - PUBLICATION, DISTRIBUTION, ETC.
Place of publication, distribution, etc. New Year :
Name of publisher, distributor, etc. Scholastic,
Date of publication, distribution, etc. 2006.
300 ## - PHYSICAL DESCRIPTION
Extent 119 pages :
Other physical details illustrations ;
Dimensions 20 cm
505 ## - FORMATTED CONTENTS NOTE
Formatted contents note G<br/>
520 ## - SUMMARY, ETC.
Summary, etc. Excitable Junie B. Jones manages to find trouble both before and during a trip to Hawaii and records each incident in a photo journal given to her by her teacher.
521 8# - TARGET AUDIENCE NOTE
Target audience note 360<br/>
Source Lexile<br/>
521 8# - TARGET AUDIENCE NOTE
Target audience note G<br/>
Source Raz-Plus<br/>
650 ## - SUBJECT ADDED ENTRY--TOPICAL TERM
Source of heading or term Funny
Topical term or geographic name entry element Humor
650 ## - SUBJECT ADDED ENTRY--TOPICAL TERM
Source of heading or term School
Topical term or geographic name entry element Elementary
700 ## - ADDED ENTRY--PERSONAL NAME
Personal name Brunkus, Denise
Dates associated with a name illustrator
942 ## - ADDED ENTRY ELEMENTS (KOHA)
Source of classification or shelving scheme Dewey Decimal Classification
Koha item type Books
Suppress in OPAC No
Holdings
Withdrawn status Lost status Source of classification or shelving scheme Damaged status Not for loan Collection Home library Current library Shelving location Date acquired Total Checkouts Full call number Barcode Date last seen Copy number Price effective from Koha item type
    Dewey Decimal Classification     Juvenile Fiction Footprints International School Library Network Toul Kork Campus Footprints International School Library Network Toul Kork Campus TTP Primary Green Bookshelves 02/06/2025   PAR 813.6 PZ7.P2197 J 2025-0421 02/06/2025 1 02/06/2025 Books